| 000 | 00647nam a2200193 a 4500 | ||
|---|---|---|---|
| 001 | 000036855 | ||
| 005 | 20200930075959.0 | ||
| 008 | 120202s1996 mx a 000 0 spa d | ||
| 020 | _a9684442068 | ||
| 040 |
_aDO-SdBNP _bspa _cBNPHU |
||
| 082 |
_axxxx _bxxxx |
||
| 100 | 1 |
_aFigueroa Bermúdez, Romeo _963209 |
|
| 245 | 1 | 0 |
_a¡Qué onda con la radio! / _cRomeo Figueroa Bermúdez. |
| 260 |
_aMéxico, : _bLongman _bAlhambra, _c1996. |
||
| 300 |
_a517 p. : _bil. ; _c23 cm. |
||
| 500 | _aIncluye índice analítico y onomástico | ||
| 504 | _aBibliografía : p. 515-517 | ||
| 504 | _aIncluye referencias bibliográficas y notas al pie de las páginas | ||
| 999 |
_c36346 _d36346 |
||